Bring the book. (Record no. 3315)

000 -LEADER
fixed length control field 00541nam a2200193 a 4500
001 - CONTROL NUMBER
control field :::00001045$&:&@@
003 - CONTROL NUMBER IDENTIFIER
control field OkBaRHE
005 - DATE AND TIME OF LATEST TRANSACTION
control field 20000607103241.0
008 - FIXED-LENGTH DATA ELEMENTS--GENERAL INFORMATION
fixed length control field s1968 j 000 0 eng u
040 ## - CATALOGING SOURCE
Transcribing agency
100 1# - MAIN ENTRY--PERSONAL NAME
Personal name Lane, G. W.
245 10 - TITLE STATEMENT
Title Bring the book.
260 ## - PUBLICATION, DISTRIBUTION, ETC. (IMPRINT)
Place of publication, distribution, etc Cleveland, TN., :
Name of publisher, distributor, etc Pathway Press
Date of publication, distribution, etc c1968
300 ## - PHYSICAL DESCRIPTION
Extent 158 p. ;
Dimensions 20 cm.
650 ## - SUBJECT ADDED ENTRY--TOPICAL TERM
Topical term or geographic name as entry element Bible
General subdivision Sermons
650 ## - SUBJECT ADDED ENTRY--TOPICAL TERM
Topical term or geographic name as entry element Sermons, American
942 ## - ADDED ENTRY ELEMENTS (KOHA)
Source of classification or shelving scheme
Koha item type Books
Copies
Full call number Koha item type Copy number Price effective from Source of classification or shelving scheme Lost status Permanent Location Shelving location Date last seen Not for loan Withdrawn status Barcode Damaged status Date acquired
BS 511 .L3Books12010-04-14  RHEMA Bible Training CollegeGeneral Stacks2010-04-14  1045 2010-04-14